Typical Astronomy Quiz - Statistics

General Stats
  • This quiz has been taken 53 times
  • The average score is 7 of 10
Answer Stats
Questions Answer % Correct
What planet has the thickest atmosphere? Venus
90%
What planet has the most moons? Saturn
88%
What planet other than Earth has ice caps? Mars
83%
What is Saturn famous for? Rings
83%
What is the coldest planet in the Solar System? Uranus
83%
What is the largest moon of Saturn? Titan
79%
Who invented the Telescope? Galileo
74%
What is the largest moon of Jupiter? Ganymede
74%
How many moons does Pluto have? 5
69%
How many moons does Jupiter have? 95
21%
No matching quizzes found
Score Distribution
Percent of People with Each Score
Percentile by Number Answered
Your Score History
You have not taken this quiz